Practica tu Español (B2) <el> léxico de los negocios

Gespeichert in:
Bibliographische Detailangaben
1. Verfasser: Domínguez, Ainhoa Larrañaga
Weitere Verfasser: Hernández, Margarita Arroyo
Format: Buch
Sprache:Spanisch
Veröffentlicht: Madrid SGEL 2011
Ausgabe:tercera edición
Schriftenreihe:Español Lengua Extranjera
Schlagworte:
Tags: Tag hinzufügen
Keine Tags, Fügen Sie das erste Tag hinzu!

MARC

LEADER 00000nam a2200000 4500
001 0242795
005 20240226134248.7
020 |a 978-84-9778-159-7 
020 |a 978-84-9778-159-6 
020 |a 84-9778-159-7 
041 0 |a spa 
044 |a ES 
245 1 0 |a Practica tu Español (B2)  |b <el> léxico de los negocios  |c autoras: Ainhoa Larrañaga Domínguez, Margarita Arroyo Hernández 
250 |a tercera edición 
264 1 |a Madrid  |b SGEL  |c 2011 
300 |a 95 s. 
490 1 |a Español Lengua Extranjera 
830 0 |a Español Lengua Extranjera 
610 2 0 |a jazykoveda 
610 2 0 |a terminológia 
610 2 0 |a jazyky cudzie 
610 2 0 |a španielčina 
100 1 |a Domínguez, Ainhoa Larrañaga 
700 1 |a Hernández, Margarita Arroyo